| 000 | 01060nam a22003617a 4500 | ||
|---|---|---|---|
| 001 | BR8805372 | ||
| 003 | BR-BrBNA | ||
| 005 | 20230928093019.0 | ||
| 007 | ta | ||
| 008 | 230509b bl.||||| |||| 00| 0 por d | ||
| 040 |
_aBR-BrBNA _bpor _cBiblioteca Nacional de Agricultura |
||
| 041 | _a(Por) | ||
| 072 |
_aE14; E50; E70 _b/G514 |
||
| 090 | _ E14 BR8805372 | ||
| 110 | 1 |
_aSecretaria do Planejamento, Ciencia e Tecnologia, Salvador, BA (Brasil). Companhia de Desenvolvimento e Acao Regional _99101 |
|
| 245 | 1 | _aDiagnostico da regiao do Vale do Jiquirica [Bahia] | |
| 260 | 3 |
_aSalvador, BA (Brasil): _c1983. |
|
| 300 | _a134 p. | ||
| 500 | _a30 tables | ||
| 650 | _aPROJETO DE DESENVOLVIMENTO | ||
| 650 | _aRECURSO NATURAL | ||
| 650 | _aFISIOGRAFIA | ||
| 650 | _aDEMOGRAFIA | ||
| 650 | _aSANEAMENTO RURAL | ||
| 650 | _aSAUDE PUBLICA | ||
| 650 | _aEDUCACAO | ||
| 650 | _aESTRUTURA AGRARIA | ||
| 650 | _aESTATISTICA COMERCIAL | ||
| 650 | _aVALE DO JIQUERICA | ||
| 650 | _aBAHIA | ||
| 909 |
_a202309 _bLucia _c55 _dLucia Elande |
||
| 942 | _cBK | ||
| 999 |
_c42519 _d42519 |
||